Make a wish, Honey Bear! / (Record no. 1957)

MARC details
000 -LEADER
fixed length control field 01675cam a2200337 a 4500
001 - CONTROL NUMBER
control field 1957
003 - CONTROL NUMBER IDENTIFIER
control field FISKH
005 - DATE AND TIME OF LATEST TRANSACTION
control field 20231020144807.0
008 - FIXED-LENGTH DATA ELEMENTS--GENERAL INFORMATION
fixed length control field 000512s1999 nyua b 000 1 eng
010 ## - LIBRARY OF CONGRESS CONTROL NUMBER
LC control number 00503906
020 ## - INTERNATIONAL STANDARD BOOK NUMBER
International Standard Book Number 0439221285
040 ## - CATALOGING SOURCE
Original cataloging agency DLC
Transcribing agency DLC
Language of cataloging eng
041 1# - LANGUAGE CODE
Language code of text/sound track or separate title eng
Language code of original ger
042 ## - AUTHENTICATION CODE
Authentication code lcac
050 00 - LIBRARY OF CONGRESS CALL NUMBER
Classification number PZ7.P448558
Item number Mak 1999
082 00 - DEWEY DECIMAL CLASSIFICATION NUMBER
Classification number 833.914
Edition number 21
100 1# - MAIN ENTRY--PERSONAL NAME
Personal name Pfister, Marcus.
245 10 - TITLE STATEMENT
Title Make a wish, Honey Bear! /
Statement of responsibility, etc. Marcus Pfister ; translated by Sibylle Kazeroid.
260 ## - PUBLICATION, DISTRIBUTION, ETC.
Place of publication, distribution, etc. New York :
Name of publisher, distributor, etc. Scholastic,
Date of publication, distribution, etc. 1999.
300 ## - PHYSICAL DESCRIPTION
Extent 32 unnumbered pages :
Other physical details color illustrations ;
Dimensions 29 cm
505 ## - FORMATTED CONTENTS NOTE
Formatted contents note G<br/>
520 ## - SUMMARY, ETC.
Summary, etc. It is Honey Bear's birthday, but it seems as if everyone except his mother has forgotten. Then Mother calls Honey Bear into the clearing and, ""Surprise!"" there is his whole family and his very best friend singing ""Happy Birthday"" to him! Mother brings out a beautiful cake. ""Blow out the candles, Honey Bear,"" she says. ""And don't forget to make a wish."" What should Honey Bear wish for? They all offer different suggestions that reflect their affection for Honey Bear and their particular relationship to him, and they are all good wishes. What will Honey Bear decide?From the creator of the bestselling Rainbow Fish books comes a sweet and simple story about a lucky little bear who discovers just how much he is loved.
521 8# - TARGET AUDIENCE NOTE
Target audience note 410<br/>
Source Lexile<br/>
521 8# - TARGET AUDIENCE NOTE
Target audience note G<br/>
Source Raz-Plus<br/>
650 #1 - SUBJECT ADDED ENTRY--TOPICAL TERM
Topical term or geographic name entry element Bears
Form subdivision Fiction.
650 #1 - SUBJECT ADDED ENTRY--TOPICAL TERM
Topical term or geographic name entry element Wishes
Form subdivision Fiction.
650 #1 - SUBJECT ADDED ENTRY--TOPICAL TERM
Topical term or geographic name entry element Birthdays
Form subdivision Fiction.
700 1# - ADDED ENTRY--PERSONAL NAME
Personal name Kazeroid, Sibylle,
Relator term illustrator
906 ## - LOCAL DATA ELEMENT F, LDF (RLIN)
a 7
b cbc
c orignew
d 2
e ncip
f 20
g y-gencatlg
942 ## - ADDED ENTRY ELEMENTS (KOHA)
Source of classification or shelving scheme Dewey Decimal Classification
Koha item type Books
Suppress in OPAC No
Holdings
Withdrawn status Lost status Source of classification or shelving scheme Damaged status Not for loan Collection Home library Current library Shelving location Date acquired Total Checkouts Full call number Barcode Date last seen Date last checked out Price effective from Koha item type Public note
Withdrawn   Dewey Decimal Classification     Juvenile Fiction Footprints International School Library Network Toul Kork Campus Footprints International School Library Network Toul Kork Campus TK Primary Library Room(4th Floor), Bookcase 1&2, Shelves 1-16, Dark Blue Books 10/20/2023 4 PFI 833.914 PZ7.P448558 FISBK05432 03/27/2025 02/02/2024 10/20/2023 Books Lost and Paid